Law of contract / (Record no. 4758)
[ view plain ]
| 000 -LEADER | |
|---|---|
| fixed length control field | 01075cam a2200193 a 4500 |
| 020 ## - INTERNATIONAL STANDARD BOOK NUMBER | |
| ISBN | 8171772188 |
| 020 ## - INTERNATIONAL STANDARD BOOK NUMBER | |
| ISBN | 9788171772186 |
| 050 00 - CALL NUMBER | |
| Classification number | KNS810 |
| Item number | .U37 |
| 100 1# - AUTHOR | |
| Personal name | Ujjannavar, S. S. |
| 245 10 - TITLE | |
| Title | Law of contract / |
| Statement of responsibility, etc | by S.S. Ujjannavar. |
| 250 ## - EDITION | |
| Edition statement | 2nd ed |
| 260 ## - PUBLICATION INFORMATION | |
| Place of publication | Calcutta : |
| Name of publisher | Eastern Law House, |
| Year of publication | 2009. |
| 300 ## - DESCRIPTION | |
| Number of Pages | 38, 443 p. ; |
| Dimensions | 22 cm. |
| 500 ## - NOTES | |
| General note | Includes index. |
| 505 ## - FORMATTED CONTENTS NOTE | |
| Table of Content | 1. Introduction<br/>2. Formation of contract<br/>3. Acceptance<br/>4. Communication of proposal, Acceptance and revocation<br/>5. Contracts with the Government<br/>6. Agreement<br/>7. Consent<br/>8. mistake<br/>9. Consideration<br/>10. Lawful consideration and lawful object<br/>11. Public Policy<br/>12. Agreement Specifically Declared Void<br/>13. Discharge by performance<br/>14. Discharge by Agreement<br/>15. Discharge by Impossibility<br/>16. Discharge by Breach<br/>17. Rules as to Appropriation of payment<br/>18. Rule relating to Joint Right and Joint Liabilities<br/>19. Contingent Contract <br/>20. Quasi- Contract<br/>21. The Doctrine of Promissory Estopoel<br/><br/><br/> |
| 650 #0 - SUBJECTS | |
| Topical Term | Contracts |
| 710 12 - OTHER AUTHORS | |
| OTHER AUTHORS | India. |
| 942 ## - ADDED ENTRY ELEMENTS (KOHA) | |
| Koha item type | Books |
| Withdrawn status | Lost status | Collection code | Home library | Current library | Shelving location | Date acquired | Source of acquisition | Full call number | Accession Number | Koha item type |
|---|---|---|---|---|---|---|---|---|---|---|
| Reference | Methodist University Law Library | Methodist University Law Library | General Stacks | Dansoman Books Shop | KNS810 .U37 | 4980 | Books | |||
| Reference | Methodist University Law Library | Methodist University Law Library | General Stacks | Dansoman Books Shop | KNS810 .U37 | 4981 | Books | |||
| Reference | Methodist University Law Library | Methodist University Law Library | General Stacks | Dansoman Books Shop | KNS810 .U37 | 4982 | Books | |||
| Reference | Methodist University Law Library | Methodist University Law Library | General Stacks | Dansoman Books Shop | KNS810 .U37 | 4991 | Books |